| 000 | 01815nam a2200361 i 4500 | ||
|---|---|---|---|
| 003 | EG-GICUC | ||
| 005 | 20260426151427.0 | ||
| 008 | 260426s1994 fr ||||fr|||| 001 0 Fre d | ||
| 017 | _a2-7111-2389-8 | ||
| 040 |
_aEG-GiCUC _bfre _cEG-GiCUC _dEG-GiCUC _eRda |
||
| 041 | 0 | _afre | |
| 082 | 0 | 4 |
_221 _a343.6 _bDO . C |
| 092 | 0 | 4 | _221 |
| 099 | _aLaw1 10 343.6 DO . C 1994 | ||
| 100 | 1 |
_adormont, Lygia Négrier _eAuteur |
|
| 245 | 1 | 0 |
_a Criminologie De L'acte Et Philosophie Pénale : _bDe L'ontologie Criminelle Des Anciens À La Victimologie Appliquée / _cLygia Négrier-dormont, Stamatios Tzitzis ; Préface Hans-albrecht Schwarz-liebermann Von Wahlendorf ; Postface George C. Christie |
| 264 | 1 |
_aParis : _bLibraire de la Cour de cassation, _c[1994]. |
|
| 300 |
_a182 page, pages non numérotées, pagination diverse ; _c 24 cm. |
||
| 336 |
_2rda contenu _a texte |
||
| 337 |
_2rda medias _aOrdinateur |
||
| 338 |
_2 transporteur rda _a Ressource en ligne |
||
| 500 | _aNous rappelons donc qu'il est interdit de reproduire intégralement ou partiellement sur quelque sup port que ce soit le présent ouvrage sans autorisation de l'auteur, de son éditeur ou du Centre franquis d'exploitation du droit de copie (CFC), 3, rue Hautefeuille, 75006 Paris (Code de la propriété astel lectuelle, articles L. 122-4, L. 122-5 et L. 335-2). | ||
| 504 | _aComprend des références bibliographiques et un index. | ||
| 546 | _aTexte en français | ||
| 650 | 1 |
_aDroit pénal _2qrmak |
|
| 651 | 1 | _2qrmak | |
| 700 | 1 |
_aTzitzis, Stamatios _eCo-Auteur |
|
| 700 | 1 |
_a liebermann Von Wahlendorf, Hans-albrecht Schwarz. _eContributeur |
|
| 700 | 1 |
_a C. Christie, Postface George _eContributeur |
|
| 856 | 4 | 0 | _uhttps://fll.law.cu.edu.eg/fulltext/bks/B10-11458.pdf |
| 905 | _a62 | ||
| 942 |
_2ddc _n0 _cBK _e21 |
||
| 999 |
_c73491 _d73491 |
||